[Event "Dortmund"]
[Site "Dortmund"]
[Date "1985.??.??"]
[Round "1"]
[White "Suba, Mihai"]
[Black "Boehm, Juergen"]
[Result "1/2-1/2"]
[WhiteElo "2505"]
[BlackElo "2265"]

1.c4 c6 2.e4 d5 3.exd5 cxd5 4.d4 Nf6 5.Nc3 g6 6.Qb3 Bg7 7.cxd5 O-O 8.g3 e6
9.Bg2 Nxd5 10.Nge2 Nc6 11.O-O b6 12.Nxd5 exd5 13.Qxd5 Bb7 14.Be3 Qxd5 15.Bxd5 Nxd4
16.Bxb7 Nxe2+ 17.Kg2 Rad8 18.Ba6 Nd4 19.Rad1 Ne6 20.b3 Bd4 21.Bh6 Bg7 22.Bc1 Bd4
23.Bc4 Bc5 24.h4 h5 25.Rfe1 Rxd1 26.Rxd1 Rd8 27.Rxd8+ Nxd8 28.f3 Ne6 29.g4 Ng7
30.Bf4 Ne6 31.Bd2 a5 32.f4 hxg4 33.Kg3 Bd6 34.Kxg4 f5+ 35.Kf3 Kf7 36.Be3 Bc7
37.Bd3 Ng7 38.Bc4+ Ke7 39.Bd4 Ne6 40.Be3 Kf6 41.Bb5 Ke7 42.Bc4 Ng7  1/2-1/2

[Event "Dresden+"]
[Site "Dresden"]
[Date "1985.??.??"]
[Round "1"]
[White "Gross, Stefan"]
[Black "Smagin, Sergey"]
[Result "0-1"]
[WhiteElo "2420"]
[BlackElo "2485"]

1.c4 c6 2.g3 d5 3.Qc2 Nf6 4.Nf3 g6 5.Bg2 Bg7 6.O-O O-O 7.d3 Re8 8.Nc3 d4
9.Na4 e5 10.Bg5 Nbd7 11.b4 h6 12.Bxf6 Nxf6 13.Nd2 Qe7 14.Rab1 h5 15.b5 c5
16.b6 Bd7 17.bxa7 Bc6 18.Bxc6 bxc6 19.Nb3 Qxa7 20.Naxc5 Bf8 21.Ne4 Nxe4 22.dxe4 Qxa2
23.Rb2 Qa3 24.Rfb1 Bh6 25.Kg2 Reb8 26.Nd2 Rxb2 27.Rxb2 Bxd2 28.Qxd2 Qc5 29.Qg5 Re8
30.Rc2 Kg7 31.h4 Qb4 32.Qc1 Rb8 33.Ra2 Rb7 34.Ra6 Qc3 35.Qxc3 dxc3 36.Ra3 c2
37.Rc3 Rb2 38.f4 c5 39.fxe5 Kf8 40.Kf2 Ke7 41.Ke1 Ke6 42.Kd2 c1=Q+  0-1

[Event "Dresden"]
[Site "Dresden"]
[Date "1985.??.??"]
[Round "5"]
[White "Uhlmann, Wolfgang"]
[Black "Gauglitz, Gernot"]
[Result "1-0"]
[WhiteElo "2515"]
[BlackElo "2365"]

1.c4 c6 2.d4 d5 3.Nc3 Nf6 4.Nf3 e6 5.Bg5 dxc4 6.e4 b5 7.e5 h6 8.Bh4 g5 9.Nxg5 hxg5
10.Bxg5 Be7 11.exf6 Bxf6 12.Bxf6 Qxf6 13.g3 Bb7 14.Bg2 Na6 15.Nxb5 O-O-O
16.Na3 Rxd4 17.Qe2 Nb4 18.O-O Ba6 19.Qf3 Qxf3 20.Bxf3 Rd2 21.Rfc1 Nd3 22.Rc2 Rxc2
23.Nxc2 Nxb2 24.Nb4 Bb7 25.Bxc6 Bxc6 26.Nxc6 Kc7 27.Nd4 Kd6 28.Rb1 Kc5 29.Ne2 Rb8
30.h4 Kd5 31.f3 Ke5 32.g4 Rb6 33.h5 Kf6 34.f4 Nd3 35.Rxb6 axb6 36.Kg2 c3
37.Nxc3 Nxf4+ 38.Kf3 Ke5 39.h6 Ng6 40.a3 Kd4 41.Nb5+ Kc5 42.a4 Kb4 43.Nd6 Kxa4
44.Nxf7 b5 45.Nd8 Nf8 46.Ke3 b4 47.Nxe6 b3 48.Nc5+  1-0

[Event "Bundesliga 8485"]
[Site "Germany"]
[Date "1985.??.??"]
[Round "?"]
[White "Gruenberg, Rainer"]
[Black "Schmidt, Bodo"]
[Result "1/2-1/2"]
[WhiteElo "2265"]
[BlackElo "2340"]

1.c4 c6 2.Nc3 Nf6 3.d4 d5 4.cxd5 cxd5 5.Bf4 Nc6 6.e3 Bf5 7.Nf3 e6 8.Ne5 Be7
9.Bb5 Qb6 10.Qa4 O-O 11.Bxc6 Qxb2 12.O-O Rfc8 13.Rfc1 bxc6 14.Nxc6 Bf8 15.Qb5 Qa3
16.Qb7 Bd3 17.Nb5 Bxb5 18.Qxb5 Nh5 19.Bg3 Nxg3 20.hxg3 Rc7 21.Rc2 Rac8 22.Rac1 g6
23.Rc3 Qd6 24.R3c2 h5 25.Qa4 Qd7 26.Qa6 Bd6 27.a3 Kf8 28.Nb4 Rxc2 29.Rxc2 Rxc2
30.Nxc2 Qc7 31.Qd3 Qa5 32.Kf1 Ke7 33.Ke2 a6 34.Nb4 Bxb4 35.axb4 Qa2+ 36.Ke1 Kd7
37.Qc3 Qa4 38.Qc5 Ke8 39.Qc8+ Ke7 40.Qc5+  1/2-1/2

[Event "Bundesliga 8485"]
[Site "Germany"]
[Date "1985.??.??"]
[Round "?"]
[White "Werner, Dimo"]
[Black "Schmidt, Bodo"]
[Result "1/2-1/2"]
[WhiteElo "2375"]
[BlackElo "2340"]

1.c4 c6 2.d4 d5 3.Nf3 Nf6 4.e3 Bf5 5.cxd5 cxd5 6.Nc3 Nc6 7.Ne5 Bd7 8.Bd3 e6
9.O-O Be7 10.f4 g6 11.g4 O-O 12.Qf3 Ne8 13.g5 Nxe5 14.dxe5 Bc6 15.Ne2 d4
16.e4 Nc7 17.Rd1 Bc5 18.Bd2 h6 19.Rac1 Bb6 20.h4 a5 21.Be1 hxg5 22.hxg5 Kg7
23.Bf2 a4 24.a3 Rh8 25.Kg2 Nb5 26.Bc4 Rc8 27.Qd3 Qd7 28.Rh1 Rxh1 29.Kxh1 Rd8
30.Kg2 Rc8 31.Kg1 Rh8 32.Kg2 Rc8 33.Kg1 Rh8  1/2-1/2

[Event "Bundesliga 8485"]
[Site "Germany"]
[Date "1985.??.??"]
[Round "?"]
[White "Schuh, Hubert"]
[Black "Hermann, Manfred"]
[Result "1-0"]
[WhiteElo "2310"]
[BlackElo "2345"]

1.c4 c6 2.e4 d5 3.exd5 cxd5 4.d4 Nf6 5.Nc3 Nc6 6.Bg5 Qa5 7.Bxf6 exf6 8.cxd5 Bb4
9.Qd2 Bxc3 10.bxc3 Qxd5 11.Nf3 O-O 12.Be2 Na5 13.O-O Be6 14.Rfc1 Rac8 15.Ne1 Nc4
16.Qf4 Qd6 17.Qh4 Rc7 18.Bd3 h6 19.Qe4 g6 20.h4 Bd5 21.Qe2 Re7 22.Qc2 Qf4
23.Qa4 Nb2 24.Qb5 Nxd3 25.Nxd3 Qe4 26.f3 Qe3+ 27.Nf2 Bc6 28.Qd3 Rd8 29.Qxe3 Rxe3
30.Ng4 Re2 31.Nxf6+ Kg7 32.Ng4 Bd5 33.a4 Rc8 34.a5 f6 35.Rab1 Rc4 36.Rb4 h5
37.Nf2 Ra2 38.Rxc4 Bxc4 39.Re1 Bd5 40.Re7+ Kf8 41.Rc7 Ra1+ 42.Kh2 Ra2 43.Ne4 f5
44.Ng5 Ke8 45.Rc5 Bb3 46.Rb5 Bc4 47.Rxb7 Bf1 48.Kg1 Ra1 49.Rxa7 Bc4+ 50.Kh2 f4
51.Nh3  1-0

[Event "Nordic-ch"]
[Site "Gjovik"]
[Date "1985.??.??"]
[Round "?"]
[White "Hjartarson, Johann"]
[Black "Olafsson, Helgi"]
[Result "1/2-1/2"]
[WhiteElo "2505"]
[BlackElo "2515"]

1.c4 c6 2.d4 d5 3.Nf3 Nf6 4.cxd5 cxd5 5.Nc3 Nc6 6.Bf4 Bf5 7.e3 e6 8.Bd3 Bxd3
9.Qxd3 Bd6 10.Bxd6 Qxd6 11.O-O O-O 12.Rac1 Rac8 13.h3 h6  1/2-1/2

[Event "DDR-ch 34th"]
[Site "Jueterbog"]
[Date "1985.??.??"]
[Round "?"]
[White "Uhlmann, Wolfgang"]
[Black "Starck, Bodo"]
[Result "1-0"]
[WhiteElo "2470"]
[BlackElo "2270"]

1.c4 c6 2.d4 d5 3.Nc3 Nf6 4.Nf3 dxc4 5.a4 Bf5 6.Ne5 Nbd7 7.Nxc4 Qc7 8.g3 e5
9.dxe5 Nxe5 10.Bf4 Rd8 11.Qc1 Bd6 12.Nxd6+ Qxd6 13.Bg2 O-O 14.O-O a5 15.h3 Qe7
16.g4 Bc8 17.Qe3 Ng6 18.Qxe7 Nxe7 19.e4 Be6 20.Bc7 Rd2 21.Rab1 Ra8 22.Rfd1 Rd7
23.Rxd7 Nxd7 24.f4 Bb3 25.f5 f6 26.Ra1 Kf8 27.Ne2 c5 28.Ra3 Bc4 29.Nf4 Nc6
30.Rc3 Nce5 31.Ne6+ Ke7 32.Nxg7 Bf7 33.Bxe5 fxe5 34.g5 b6 35.f6+ Kf8 36.Rd3 Ra7
37.h4 c4 38.Rd6 Rc7 39.Bh3  1-0

[Event "URS-ch sf"]
[Site "Kostroma"]
[Date "1985.??.??"]
[Round "17"]
[White "Kochyev, Alexander"]
[Black "Dolmatov, Sergey"]
[Result "1/2-1/2"]
[WhiteElo "2465"]
[BlackElo "2540"]

1.c4 c6 2.d4 d5 3.Nf3 Nf6 4.e3 Bg4 5.cxd5 Bxf3 6.Qxf3 cxd5 7.Nc3 Nc6 8.Bd3 e6
9.O-O Be7 10.Bd2 O-O 11.Qg3 Rc8 12.Rac1 Qd6 13.Qxd6 Bxd6 14.Ne2 Ne7 15.Rxc8 Rxc8
16.Rc1 Rxc1+ 17.Bxc1 Kf8 18.h3 Nc6 19.g4 h6 20.Bd2 Ke7 21.f3 a6 22.Kf2 b5
23.a4 bxa4 24.Bxa6 a3 25.bxa3 Bxa3 26.Bb5 Kd6 27.Nc3 Bb4 28.Ke2 Ne8 29.Be1 Nc7
30.Ba4  1/2-1/2

[Event "WchT U26"]
[Site "Mendoza"]
[Date "1985.??.??"]
[Round "1"]
[White "Contin, Daniel"]
[Black "Domont, Alexandre"]
[Result "1-0"]
[WhiteElo "2265"]
[BlackElo "2325"]

1.c4 c6 2.Nf3 Nf6 3.b3 d5 4.g3 Bg4 5.Bg2 Nbd7 6.Bb2 e6 7.h3 Bh5 8.d3 Be7
9.Nbd2 O-O 10.O-O Re8 11.Rc1 a5 12.a3 Rc8 13.Rc2 Nc5 14.g4 Bg6 15.Ne5 Nfd7
16.Nxg6 hxg6 17.d4 Na6 18.e4 dxc4 19.Nxc4 b5 20.Ne3 e5 21.dxe5 Bc5 22.Rd2 Rc7
23.Bd4 Qe7 24.Bxc5 Naxc5 25.f4 Nb6 26.Rd6 Nc8 27.b4 axb4 28.axb4 Nb7 29.Rd4 Rd8
30.Rf2 Nb6 31.Rfd2 Rxd4 32.Rxd4 Qe6 33.Rd8+ Kh7 34.Rb8 Rd7 35.Qe1 g5 36.fxg5 Kg6
37.Qh4 f6 38.Qh5+  1-0

[Event "WchT U26"]
[Site "Mendoza"]
[Date "1985.??.??"]
[Round "6"]
[White "Zueger, Beat"]
[Black "Valkesalmi, Kimmo"]
[Result "0-1"]
[WhiteElo "2440"]
[BlackElo "2340"]

1.c4 c6 2.d4 d5 3.Nf3 Nf6 4.Nc3 dxc4 5.a4 Bf5 6.Ne5 e6 7.f3 Bb4 8.Nxc4 O-O
9.Bg5 h6 10.Bh4 c5 11.dxc5 Qxd1+ 12.Rxd1 Bc2 13.Rc1 Bh7 14.e4 Bxc5 15.Bf2 Nfd7
16.Na5 b6 17.Nb3 Bxf2+ 18.Kxf2 Rc8 19.Be2 Nc5 20.Nxc5 bxc5 21.Rhd1 Kf8 22.Nb1 f5
23.exf5 Bxf5 24.Na3 Ke7 25.g4 Bg6 26.Nc4 Nc6 27.Nd6 Rd8 28.Nb7 Rxd1 29.Rxd1 Rb8
30.Nxc5 Rxb2 31.Ke3 Be8 32.Bc4 Rc2 33.Kd3 Nb4+ 34.Kd4 e5+ 35.Kxe5 Rxc4 36.Ne4 Rc2
37.Rb1 a5 38.Rd1 Rxh2 39.Rd6 Ra2 40.Re6+ Kf7 41.Nd6+ Kg8 42.Rxe8+ Kh7 43.Nf7 Re2+
44.Kd6 Rxe8 45.Kc5 Re1  0-1

[Event "Munich op"]
[Site "Munich"]
[Date "1985.??.??"]
[Round "?"]
[White "Hertneck, Gerald"]
[Black "Pitschka, Claus"]
[Result "1/2-1/2"]
[WhiteElo "2405"]
[BlackElo "2200"]

1.c4 c6 2.Nf3 d5 3.b3 Nf6 4.g3 Bf5 5.Bg2 e6 6.O-O Nbd7 7.d3 Bd6 8.Nbd2 O-O
9.Bb2 e5 10.e4 dxe4 11.Nxe4 Bxe4 12.dxe4 Qc7 13.Qc2 Nc5 14.b4 Ncd7 15.c5 Be7
16.a3 a5 17.Rac1 Rfe8 18.Rfd1 Bf8 19.Bf1 axb4 20.axb4 b6 21.Bc4 bxc5 22.Ng5 Re7
23.Qb3 Nb6 24.Bxf7+ Rxf7 25.bxc5 Na4 26.Bxe5 Qb7 27.Qc4 Ra7 28.Bd4 h6 29.Nxf7 Qxf7
30.f3 Nd7 31.Rd2 Naxc5 32.Rdc2 Qxc4 33.Rxc4 Ra5 34.Be3 Nd3 35.Rf1 N3e5 36.Rc2 Ra3
37.Kf2 c5 38.Ke2 Kf7 39.Rd1 Nb6 40.Bxc5 Bxc5 41.Rxc5 Nbc4 42.Rc7+ Kg6 43.Rd8 Re3+
44.Kd1 Rxf3 45.Rg8 Rf7 46.Rxf7 Kxf7 47.Rc8 Nd6 48.Rc7+ Kf6 49.Ke2 Nxe4 50.Ke3 Nd6
51.h3 Nf5+ 52.Kf2 g6 53.Ra7 Ke6 54.Ra5 Ne7 55.Rb5 Kf5 56.Ke3 h5  1/2-1/2

[Event "New York op"]
[Site "New York"]
[Date "1985.??.??"]
[Round "4"]
[White "Zaltsman, Vitaly F"]
[Black "Gliksman, David N"]
[Result "0-1"]
[WhiteElo "2410"]
[BlackElo "2215"]

1.c4 c6 2.e4 d5 3.exd5 cxd5 4.d4 Nf6 5.Nc3 Nc6 6.Nf3 Bg4 7.cxd5 Nxd5 8.Qb3 Bxf3
9.gxf3 e6 10.Qxb7 Nxd4 11.Bb5+ Nxb5 12.Qc6+ Ke7 13.Qxb5 Qd7 14.Nxd5+ Qxd5
15.Qxd5 exd5 16.Bf4 f6 17.Rc1 Rd8 18.Kd1 Rd7 19.Rc8 g5 20.Re1+ Kf7 21.Bc1 Bg7
22.Rxh8 Bxh8 23.b3 Bg7 24.Bb2 h5 25.h3 d4 26.f4 Kg6 27.Kd2 Kf5 28.fxg5 fxg5
29.Kd3 g4 30.hxg4+ Kxg4 31.Re4+ Kf3 32.Rh4 Rd5 33.Rh2 Bf6 34.b4 h4 35.a4 Rd8
36.b5 Rh8 37.Rh3+ Kg2  0-1

[Event "NZD-ch"]
[Site "?"]
[Date "1985.??.??"]
[Round "?"]
[White "Stuart, Peter"]
[Black "Sarfati, Jonathan D"]
[Result "1/2-1/2"]
[WhiteElo "2225"]
[BlackElo "2265"]

1.c4 c6 2.Nf3 d5 3.b3 Nf6 4.g3 Bf5 5.Bg2 e6 6.O-O Nbd7 7.Bb2 Be7 8.d3 O-O
9.Nbd2 h6 10.Qc2 Bh7 11.a3 a5 12.Bc3 Qb8 13.Qb2 Bd6 14.Bh3 Re8 15.b4 axb4
16.axb4 Rxa1 17.Rxa1 e5 18.c5 Bc7 19.Qa3 e4 20.Nd4 exd3 21.exd3 Bxd3 22.Nf5 Bxf5
23.Bxf5 Be5 24.Nf3 Bxc3 25.Qxc3 Ne5 26.Nxe5 Rxe5 27.Bd3 Re8 28.Re1 Rxe1+
29.Qxe1 b6 30.Qe7 bxc5 31.Qxc5 Qe8 32.Kf1 Qa8 33.b5 cxb5 34.Bxb5 Qd8 35.Bd3 d4
36.h4 Qa8 37.Qxd4 Qe8 38.Bc4 Qc8 39.Bd3  1/2-1/2

[Event "Rubinstein mem"]
[Site "Polanica Zdroj"]
[Date "1985.??.??"]
[Round "1"]
[White "Spiridonov, Nikola"]
[Black "Bany, Jerzy"]
[Result "1/2-1/2"]
[WhiteElo "2400"]
[BlackElo "2435"]

1.c4 c6 2.d4 d5 3.Nf3 dxc4 4.e3 b5 5.a4 e6 6.axb5 cxb5 7.b3 Bb4+ 8.Bd2 Bxd2+
9.Nbxd2 a5 10.bxc4 b4 11.c5 Nf6 12.Bb5+ Bd7 13.Bxd7+ Nbxd7 14.Nc4 O-O 15.O-O Nd5
16.Qb3 Qc7 17.Rfc1  1/2-1/2

[Event "Rubinstein mem"]
[Site "Polanica Zdroj"]
[Date "1985.??.??"]
[Round "8"]
[White "Stohl, Igor"]
[Black "Drasko, Milan"]
[Result "1/2-1/2"]
[WhiteElo "2445"]
[BlackElo "2460"]

1.c4 c6 2.e4 d5 3.exd5 cxd5 4.d4 Nf6 5.Nc3 g6 6.Qb3 Bg7 7.cxd5 O-O 8.Be2 Nbd7
9.Bf3 Nb6 10.Bg5 e6 11.Nge2 Nbxd5 12.Nxd5 exd5 13.O-O Qa5 14.Bxf6 Bxf6 15.Bxd5 Bg4
16.Bf3 Bxf3 17.Qxf3 Qb6 18.b3 Rac8 19.Rac1 Rxc1 20.Rxc1 Bxd4 21.Nxd4  1/2-1/2

[Event "Rubinstein mem"]
[Site "Polanica Zdroj"]
[Date "1985.??.??"]
[Round "14"]
[White "Lerner, Konstantin Z"]
[Black "Drasko, Milan"]
[Result "1-0"]
[WhiteElo "2520"]
[BlackElo "2460"]

1.c4 c6 2.Nf3 Nf6 3.Nc3 d5 4.e3 g6 5.d4 Bg7 6.Be2 O-O 7.O-O Be6 8.Ng5 Bf5
9.Qb3 b6 10.Bd2 e6 11.Rfd1 Nbd7 12.Rac1 h6 13.Nf3 Ne4 14.Be1 Nd6 15.Nd2 g5
16.Qa3 Qb8 17.cxd5 exd5 18.Na4 Nc4 19.Nxc4 dxc4 20.b3 cxb3 21.axb3 Qb7 22.Bf3 Rac8
23.Bb4 g4 24.Be2 Rfe8 25.Bd6 Nf6 26.Nb2 Qd7 27.Nc4 Ne4 28.Bf4 Bf8 29.Qb2 f6
30.Bd3 Ng5 31.Bxf5 Qxf5 32.Qa1 b5 33.Nd2 c5 34.Nf1 cxd4 35.Ng3 Qg6 36.Bxg5 Qxg5
37.Rxd4 Bc5 38.Rd7 Qe5 39.Qb1 f5 40.Nxf5 Rc6 41.Nd4  1-0

[Event "DSV-Turnier"]
[Site "Potsdam"]
[Date "1985.??.??"]
[Round "11"]
[White "Uhlmann, Wolfgang"]
[Black "Kirov, Nino"]
[Result "1/2-1/2"]
[WhiteElo "2470"]
[BlackElo "2435"]

1.c4 c6 2.d4 d5 3.Nf3 Nf6 4.Nc3 dxc4 5.a4 Bf5 6.Ne5 e6 7.f3 Bb4 8.Nxc4 O-O
9.Bg5 h6 10.Bh4 c5 11.dxc5 Qxd1+ 12.Rxd1 Nd5 13.Rxd5  1/2-1/2

[Event "DSV-Turnier"]
[Site "Potsdam"]
[Date "1985.??.??"]
[Round "13"]
[White "Stohl, Igor"]
[Black "Kirov, Nino"]
[Result "1/2-1/2"]
[WhiteElo "2445"]
[BlackElo "2435"]

1.c4 c6 2.d4 d5 3.Nf3 Nf6 4.Nc3 dxc4 5.a4 Bf5 6.e3 e6 7.Bxc4 Bb4 8.O-O O-O
9.Qe2 Nbd7 10.e4 Bg4 11.Rd1 Qe7  1/2-1/2

[Event "Bohemians"]
[Site "Prague"]
[Date "1985.??.??"]
[Round "?"]
[White "Pekarek, Ales"]
[Black "Meduna, Eduard"]
[Result "1-0"]
[WhiteElo "2360"]
[BlackElo "2460"]

1.c4 c6 2.e4 d5 3.cxd5 cxd5 4.exd5 Nf6 5.Bb5+ Nbd7 6.Nc3 a6 7.Qa4 g6 8.Nf3 Bg7
9.O-O O-O 10.Bxd7 Nxd7 11.Qh4 Nf6 12.d4 Nxd5 13.Bh6 Nxc3 14.bxc3 Bf6 15.Bg5 Be6
16.Rfe1 Rc8 17.Re3 Bd5 18.Rae1 Bxf3 19.Rxf3 Bxg5 20.Qxg5 f6 21.Qg4 Qd6 22.h4 Rc7
23.Re6 Qd5 24.Rfe3 Rf7 25.a4 Kg7 26.Qe2 Kf8 27.Qb2 Qa5 28.Qb3 Kg7 29.Rb6 e5
30.dxe5 fxe5 31.h5 Qc5 32.hxg6 hxg6 33.Qe6 Rc6 34.Rxc6 Qxc6 35.Qxe5+ Kg8
36.a5 Rf5 37.Qe7 Rf7 38.Qd8+ Rf8 39.Qd4 Qf6 40.Rf3 Qc6 41.Rg3 Re8 42.Rh3 Re1+
43.Kh2 Qc7+ 44.g3 Re5 45.Rh6 Kg7 46.Qh4 Qc5 47.Rh7+ Kg8 48.Rh8+ Kf7 49.Qh7+ Kf6
50.Qh4+ Kf7 51.g4 Qd6 52.Rd8 Qe7 53.Qh7+ Kf6 54.Qh8+ Kg5 55.Rd4 Re2 56.Kg3 Re3+
57.Kg2 Rxc3 58.Rd5+ Kf4 59.Qxc3 Qe4+ 60.f3 Qxd5 61.Qc1+ Ke5 62.Qg5+ Kd4 63.Qxd5+ Kxd5
64.f4 Kc6 65.f5  1-0

[Event "Prague zt"]
[Site "Prague"]
[Date "1985.??.??"]
[Round "1"]
[White "Adorjan, Andras"]
[Black "Stempin, Pawel"]
[Result "1/2-1/2"]
[WhiteElo "2565"]
[BlackElo "2390"]

1.c4 c6 2.d4 d5 3.cxd5 cxd5 4.Nc3 Nf6 5.Bf4 Nc6 6.e3 Bf5 7.Nf3 e6 8.Qb3 Bb4
9.Bb5 Qa5 10.O-O Bxc3 11.Ne5 Rc8 12.Bxc6+ bxc6 13.bxc3 O-O 14.Qb7 Qb6 15.Qxb6 axb6
16.f3 Rfd8 17.g4 Bg6 18.Bg5 c5 19.Rf2 cxd4 20.cxd4 Bc2 21.Bh4 b5 22.Rc1 Ba4
23.Nc6 Kf8 24.Rc5 Rd7 25.Rf1 Rdc7 26.Ne5 Ke8 27.Rfc1 Rxc5 28.Rxc5 Rxc5 29.dxc5 Nd7
30.Nxd7  1/2-1/2

[Event "Prague zt"]
[Site "Prague"]
[Date "1985.??.??"]
[Round "5"]
[White "Ghinda, Mihail Viorel"]
[Black "Gheorghiu, Florin"]
[Result "1/2-1/2"]
[WhiteElo "2475"]
[BlackElo "2530"]

1.c4 c6 2.Nf3 Nf6 3.d4 d5 4.cxd5 cxd5 5.Nc3 Nc6 6.Bf4 Bf5 7.e3 e6 8.Bb5 Nd7
9.Qa4 Qb6 10.O-O Be7 11.Rfc1 O-O 12.Ne2 Rfc8 13.Bxc6 Rxc6 14.Rxc6  1/2-1/2

[Event "Szirak"]
[Site "Szirak"]
[Date "1985.??.??"]
[Round "4"]
[White "Adorjan, Andras"]
[Black "Djuric, Stefan"]
[Result "1-0"]
[WhiteElo "2525"]
[BlackElo "2485"]

1.c4 c6 2.d4 d5 3.cxd5 cxd5 4.Nc3 Nf6 5.Bf4 g6 6.e3 Bg7 7.Nf3 O-O 8.Bd3 Bg4
9.h3 Bxf3 10.Qxf3 Nc6 11.O-O Re8 12.Rfd1 e5 13.dxe5 Nxe5 14.Bxe5 Rxe5 15.Bc4 Rc8
16.Bxd5 Nxd5 17.Nxd5 h5 18.Rd3 Rf5 19.Qd1 Qh4 20.f4 Re8 21.Qe1 Qxe1+ 22.Rxe1 h4
23.Kf2 Rh5 24.Rc1 g5 25.Rc7 gxf4 26.exf4 b6 27.b3 a5 28.Nxb6 Rh6 29.Nd5 Rhe6
30.Kf3 Re2 31.Rc8 Rxc8 32.Kxe2 Rc1 33.Rd1 Rc2+ 34.Rd2 Rc1 35.Kf3 Bh6 36.Ne3 Rc3
37.Rc2 Rd3 38.Ke4  1-0

[Event "URS-ch sf"]
[Site "Togliatti"]
[Date "1985.??.??"]
[Round "?"]
[White "Kengis, Edvins"]
[Black "Filipenko, Alexander V"]
[Result "0-1"]
[WhiteElo "2430"]
[BlackElo "2370"]

1.c4 c6 2.e4 d5 3.cxd5 cxd5 4.exd5 Nf6 5.Bb5+ Nbd7 6.Nc3 a6 7.Qa4 Rb8 8.Bxd7+ Qxd7
9.Qf4 Ra8 10.Nf3 Nxd5 11.Nxd5 Qxd5 12.O-O e6 13.d4 Be7 14.Qg3 O-O 15.Bh6 Bf6
16.Rfe1 Qh5 17.Bd2 Bd7 18.Ne5 Bc6 19.Rac1 Rfd8 20.Nxc6 bxc6 21.Rc5 Rd5 22.Bc3 Rxc5
23.dxc5 Bxc3 24.Qxc3 Rd8 25.h3 h6 26.Qa5 Rd1 27.Rxd1 Qxd1+ 28.Kh2 Qd4  0-1

[Event "Pugi mem"]
[Site "Toronto"]
[Date "1985.??.??"]
[Round "10"]
[White "Norwood, David"]
[Black "Nickoloff, Bryon"]
[Result "1/2-1/2"]
[WhiteElo "2335"]
[BlackElo "2415"]

1.c4 c6 2.g3 d5 3.cxd5 cxd5 4.Bg2 Nc6 5.Nf3 g6 6.O-O Bg7 7.d3 Nf6 8.Nc3 d4
9.Na4 O-O 10.Bd2 Qd6 11.Rc1 Nd5 12.Qb3 b6 13.Rxc6 Qxc6 14.Nxd4 Bxd4 15.Bxd5 Qd6
16.e3 Bg7 17.Bxa8 Be6 18.Qb4 Rxa8 19.Qxd6 exd6 20.b3 Rc8 21.Rc1 Rxc1+ 22.Bxc1  1/2-1/2

[Event "OHRA-B"]
[Site "Amsterdam"]
[Date "1986.??.??"]
[Round "3"]
[White "Smejkal, Jan"]
[Black "Mednis, Edmar John"]
[Result "1/2-1/2"]
[WhiteElo "2540"]
[BlackElo "2470"]

1.c4 c6 2.d4 d5 3.Nf3 Nf6 4.Nc3 dxc4 5.a4 Bf5 6.e3 e6 7.Bxc4 Bb4 8.O-O O-O
9.Qe2 Nbd7 10.e4 Bg6 11.Bd3 Bh5 12.e5 Nd5 13.Nxd5 cxd5 14.Qe3 h6 15.Ne1 Bxe1
16.Qh3 Qb6 17.Qxh5 Qxd4 18.Qd1 Bxf2+ 19.Rxf2 Kh8 20.Bf4 Nxe5 21.Bb5 Qxd1+
22.Rxd1 a6 23.Bxe5 axb5 24.axb5 f6 25.Bg3 Rfd8 26.Rc2 e5 27.Rc7 Rab8 28.Rdc1 d4
29.Kf1 Rd5 30.R7c5 Rbd8 31.b4 b6 32.Rxd5 Rxd5 33.Ke2 Rxb5 34.Be1 f5 35.Kd3 Rd5
36.Rc6 e4+ 37.Kc4 Rd7 38.Rxb6 d3 39.Bd2 e3 40.Bxe3 d2 41.Bxd2 Rxd2 42.Rg6 Kh7
43.Kc3 Re2 44.Rg3 f4 45.Rf3 g5 46.b5 Rxg2 47.b6 Rg1 48.Kc2 Rg2+ 49.Kc3 Rg1
50.Kc2 Rg2+ 51.Kc3  1/2-1/2

[Event "OHRA-B"]
[Site "Amsterdam"]
[Date "1986.??.??"]
[Round "4"]
[White "Mednis, Edmar John"]
[Black "Kuijf, Marinus"]
[Result "1-0"]
[WhiteElo "2470"]
[BlackElo "2430"]

1.c4 c6 2.g3 d5 3.Bg2 Nf6 4.Qb3 g6 5.Nf3 Bg7 6.O-O O-O 7.d4 dxc4 8.Qxc4 Be6
9.Qa4 Nbd7 10.Nc3 b5 11.Qc2 b4 12.Na4 Bd5 13.b3 Ne4 14.Bb2 Qa5 15.Ne5 Bxe5
16.dxe5 Nec5 17.Nxc5 Nxc5 18.e4 Be6 19.Rfc1 Nd7 20.f4 Rfd8 21.Qxc6 Rac8 22.Qxc8 Rxc8
23.Rxc8+ Nf8 24.Rc2 Nd7 25.Bd4 h5 26.Rd1 Nf8 27.Rdd2 Bd7 28.Bc5 Ne6 29.Rxd7  1-0

[Event "Augsburg"]
[Site "Augsburg"]
[Date "1986.??.??"]
[Round "?"]
[White "Benko, Pal C"]
[Black "Roeder, Frank"]
[Result "1-0"]
[WhiteElo "2475"]
[BlackElo "2325"]

1.c4 c6 2.e4 d5 3.exd5 cxd5 4.d4 Nf6 5.Nc3 e6 6.Nf3 Be7 7.cxd5 exd5 8.Bb5+ Nc6
9.Ne5 Bd7 10.Bxc6 bxc6 11.O-O O-O 12.Bg5 Rb8 13.Na4 Ne4 14.Bxe7 Qxe7 15.f3 Ng5
16.Nc5 Be8 17.Re1 Rxb2 18.Qc1 Rb4 19.Nxc6 Qf6 20.Nxb4 Qxd4+ 21.Qe3 Qxb4 22.Rab1 Qa5
23.Nb7 d4 24.Qxe8 Qxa2 25.Nc5 Ne6 26.Qa4 Qxa4 27.Nxa4 g5 28.g3 Rd8 29.Red1 Rc8
30.Rdc1 Rd8 31.Nc5 Nc7 32.Rb7 Nd5 33.Rd7  1-0

[Event "Augsburg"]
[Site "Augsburg"]
[Date "1986.??.??"]
[Round "?"]
[White "Scheipl, Ralf"]
[Black "Roeder, Frank"]
[Result "1/2-1/2"]
[WhiteElo "2325"]
[BlackElo "2325"]

1.c4 c6 2.e4 d5 3.exd5 cxd5 4.d4 Nf6 5.Nc3 g6 6.cxd5 Bg7 7.Bb5+ Nbd7 8.d6 exd6
9.Qe2+ Qe7 10.Bf4 Qxe2+ 11.Ngxe2 a6 12.Ba4 Ke7 13.O-O Nb6 14.Rfe1 Be6 15.Bg3 Nxa4
16.Nxa4 b5 17.Nac3 b4 18.d5 bxc3 19.Nxc3 Rab8 20.Rad1 Rhd8 21.Re2 Ne8 22.dxe6 fxe6
23.Bh4+ Bf6 24.Nd5+ Kf7 25.Bxf6 Nxf6 26.Nc7 e5 27.Nxa6 Rb6 28.Nc7 Rdb8 29.f3 Rxb2
30.Rxb2 Rxb2 31.Rxd6 Rxa2 32.Nd5 Ra1+ 33.Kf2 Ra2+ 34.Kg1 Ra1+ 35.Kf2  1/2-1/2

[Event "Biel-JMT"]
[Site "Biel"]
[Date "1986.??.??"]
[Round "?"]
[White "Zueger, Beat"]
[Black "Costa, Jean Luc"]
[Result "0-1"]
[WhiteElo "2425"]
[BlackElo "2315"]

1.c4 c6 2.Nf3 d5 3.d4 Nf6 4.Nc3 a6 5.c5 g6 6.Bf4 Bg7 7.e3 O-O 8.Be2 Nbd7
9.O-O Nh5 10.Bg5 h6 11.Bh4 g5 12.Nxg5 hxg5 13.Bxg5 Nhf6 14.f4 Nh7 15.Bd3 f5
16.Qh5 Nxg5 17.fxg5 Qe8 18.Qxe8 Rxe8 19.Bxf5 e5 20.Rad1 Nf8 21.g4 Ne6 22.Bxe6+ Bxe6
23.h3 exd4 24.exd4 Kh7 25.Rf4 Kg6 26.Kg2 Kxg5 27.Kg3 Bg8 28.h4+ Kh6 29.Rf5 Re6
30.Rh5+ Kg6 31.Rg5+ Kf7 32.Rf1+ Bf6 33.Rgf5 Kg7 34.R5f4 Re3+ 35.Kf2 Rae8
36.g5 Bd8 37.Rg1 Kg6 38.h5+ Kxh5 39.g6 Bh4+ 40.Kg2 Rg3+ 41.Kh2 Rxg1 42.Kxg1 Bg5  0-1

[Event "OHRA-B"]
[Site "Brussels"]
[Date "1986.??.??"]
[Round "?"]
[White "Sunye Neto, Jaime"]
[Black "Kuligowski, Adam"]
[Result "0-1"]
[WhiteElo "2515"]
[BlackElo "2385"]

1.c4 c6 2.d4 d5 3.Nf3 Nf6 4.e3 e6 5.Bd3 dxc4 6.Bxc4 c5 7.O-O a6 8.Qe2 b5
9.Bb3 Bb7 10.a4 Nbd7 11.Rd1 Qb8 12.axb5 axb5 13.Rxa8 Bxa8 14.Na3 b4 15.Nc4 Be7
16.e4 Bxe4 17.Nfe5 Qa8 18.Bg5 Bxg2 19.Ne3 Nxe5 20.dxe5 Bc6 21.exf6 gxf6 22.Bf4 Rg8+
23.Bg3 Bf3 24.Qb5+ Kf8 25.Re1 h5 26.Qc4 f5 27.Nxf5 Rg4 28.Qc1 exf5 29.Qh6+ Ke8
30.Bxf7+ Kxf7 31.Qe6+ Kg7 32.Qxe7+ Kh8 33.Qf6+ Kg8 34.Qe6+ Kh8 35.Qd7 Rg7
36.Qxf5 h4 37.Qxc5 hxg3 38.fxg3 Bc6 39.Qxb4  0-1

[Event "JUG-ch"]
[Site "Budva"]
[Date "1986.??.??"]
[Round "?"]
[White "Dizdarevic, Emir"]
[Black "Matulovic, Milan"]
[Result "1/2-1/2"]
[WhiteElo "2490"]
[BlackElo "2485"]

1.c4 c6 2.Nf3 Nf6 3.Nc3 d5 4.e3 Bf5 5.cxd5 Nxd5 6.d4 e6 7.Bc4 Nd7 8.O-O Be7
9.Qe2 Bg4 10.h3 Bh5 11.e4 N5b6 12.Bb3 c5 13.Be3 cxd4 14.Bxd4 O-O 15.Rfd1 Qb8
16.Qe3 Bxf3 17.Qxf3 Bc5 18.Qe3 Bxd4 19.Rxd4 Nc5 20.Rad1 Nxb3 21.axb3 e5 22.Rd6 Qe8
23.Qc5 f6 24.Nd5 Rc8 25.Qa5 Nxd5 26.R6xd5 Qg6 27.Qb4 Rc7 28.Rd8 Qf7 29.Qd6 Re7
30.Qb8 Ree8 31.Rxe8 Rxe8 32.Rd8 Rxd8 33.Qxd8+ Qf8  1/2-1/2

[Event "Dresden Post"]
[Site "Dresden"]
[Date "1986.??.??"]
[Round "?"]
[White "Dautov, Rustem"]
[Black "Starck, Bodo"]
[Result "1-0"]
[WhiteElo "2380"]
[BlackElo "2325"]

1.c4 c6 2.Nf3 d5 3.d4 Nf6 4.Nc3 dxc4 5.a4 Bf5 6.e3 e6 7.Bxc4 Bb4 8.O-O O-O
9.Qb3 Qb6 10.Nh4 Bg6 11.Nxg6 hxg6 12.Bd2 c5 13.dxc5 Bxc5 14.Qxb6 axb6 15.Rfd1 Nc6
16.Be1 Rfc8 17.Be2 Ne5 18.Kf1 g5 19.h3 Kf8 20.f4 gxf4 21.exf4 Nc6 22.Bf3 Rd8
23.Bf2 Na5 24.Rxd8+ Rxd8 25.Rd1 Rxd1+ 26.Nxd1 Ke7 27.Ne3 Kd6 28.Ke2 g6 29.Be1 Bxe3
30.Kxe3 Nd5+ 31.Bxd5 Kxd5 32.Kf3 Nb3 33.Bf2 Nc5 34.Bxc5 bxc5 35.g4 f5 36.h4 Kc4
37.g5 Kd5 38.h5  1-0